000 00488nam a2200181Ia 4500
005 20250508160922.0
008 008 250505s9999 xx 000 0 eng d
037 _aTextual
040 _aFEDL
_beng
_cFEDL
041 _aeng
_2eng
084 _aB, GAN
_qFEDL
100 _aGandhi Indira
245 0 _aIndia : The speeches and reminiscences of
260 _aCalcutta, India
_bRupa and Co.
_c1975
300 _a221p.
942 _cTEXL
_hB, GAN
999 _c1367392
_d1367392